Hardest country quiz ever - Statistics

General Stats
  • This quiz has been taken 389 times
    337 since last reset
  • The average score is 3 of 8
Answer Stats
Hint Answer % Correct
capital city is Vilnius Lithuania
71%
youngest country South Sudan
48%
the only country in Africa that has a main language of spanish Equatorial Guinea
47%
once ruled by Portugal (in China) Macau
44%
Smallest island country Nauru
32%
capital city is Basseterre Saint Kitts and Nevis
18%
only country with more vehicles than people San Marino
8%
25% of the country speakes french Comoros
4%
No matching quizzes found
Score Distribution
Percent of People with Each Score
Percentile by Number Answered
Your Score History
You have not taken this quiz since the last reset